Visualizzazione normale
Vista MARC
- "1. Storia ISBN 88 - 215 - 2528 - 7 CDU 035 23/15 000277"
di Personal Name
Records bibliografici associati: 1
001 - CONTROL NUMBER
- control field: 33981
003 - CONTROL NUMBER IDENTIFIER
- control field: IT-RoPau
005 - DATE AND TIME OF LATEST TRANSACTION
- control field: 20141001095121.0
008 - FIXED-LENGTH DATA ELEMENTS
- fixed length control field: 141001|| aca||aabn | a|a d
040 ## - CATALOGING SOURCE
- Original cataloging agency: IT-RoPau
- Transcribing agency: IT-RoPau
100 ## - HEADING--PERSONAL NAME
- Personal name: "1. Storia ISBN 88 - 215 - 2528 - 7 CDU 035 23/15 000277"
670 ## - SOURCE DATA FOUND
- Source citation: Work cat.: (IT-RoPau)37083: Burguière, André 33980, Dizionario di Scienze Storiche, 1992